000 01063nam a22003617a 4500
001 000376
003 DO-SdBNP
005 20240131083113.0
007 000376
008 160707b2004 ch | 00| 0 spa d
020 _a9562393003
040 _aBPMSU
_bspa
_cBPMSU
082 4 _a823.91
_bH436L 2004
_222
100 1 _aHearn, Lian
_d1942-
210 _2
245 1 0 _aLeyendas de los Otori :
_bel suelo del ruiseñor /
_cLian Hearn ; traducción Mercedes Núñez.
260 _aSantiago de Chile :
_bAlfaguara,
_c2004.
300 _a312 p. ;
_c22 cm.
490 0 _aOtori,
_v1
500 _a
534 _aTítulo original. :
_tTales of the Otori. Across the nightingale floor.
586 _aSaga Best-Sellers
590 _aInvetariado, 2024/VM
600 _2
650 4 _aNovela inglesa
650 4 _aIntriga
_vNovela
650 4 _aNovela fantástica
650 4 _aNovela amorosa
700 1 _aNúñez, Mercedes
_d1913-
_etrad
700 1 _aSantiago, Elena de,
_eed.
910 _aVMateo V. Control de calidad. BPMSU
942 _2ddc
_cBK
999 _c10765
_d10765